000 01528nam a2200481 i 4500
001 46826
003 KOSZ 005
005 20221215091500.0
008 050704s2005 pl a |000 0 pol
015 _aPB 2005/13131
020 _a8373352589
040 _aWA N
_cWA N
_dKOSZ 005/HR
041 0 _apol
046 _k2005
080 _a005.5
080 _a004.65
080 _a004.94
080 _a519.8
080 _a005.22:004.03
080 _a(07)
100 1 _aKasperska, Elżbieta
_eAutor
245 1 0 _aDynamika systemowa - symulacja i optymalizacja /
_cElżbieta Kasperska.
260 _aGliwice :
_bWydawnictwo Politechniki Śląskiej,
_c2005.
300 _a182, [2] s. :
_brys., wykr. ;
_c24 cm.
336 _2rdacontent
_aTekst
_btxt
337 _2rdamedia
_aBez urządzenia pośredniczącego
_bn
338 _2rdacarrier
_aWolumin
_bnc
380 _aKsiążki
388 _a2001-
504 _aBibliogr. s. 172-182.
650 4 _aOptymalizacja
650 4 _aSymulacja
650 4 _aAnaliza systemowa
650 4 _aZastosowanie i wykorzystanie
650 4 _aZarządzanie
650 4 _aSystemy informatyczne zarządzania
655 4 _aPodręcznik
658 _aZarządzanie i marketing
658 _aInformatyka i technologie informacyjne
710 2 _aWydawnictwo Politechniki Śląskiej
_4pbl
856 _uhttp://koha.tu.koszalin.pl/cgi-bin/koha/opac-detail.pl?biblionumber=46826
_yKatalog online BPK
942 _2UKD
_cKS
999 _c46826
_d46826